Understanding local adoption and implementation of climate change mitigation policy (Record no. 92389)

000 -LEADER
fixed length control field 00485pab a2200181 454500
008 - FIXED-LENGTH DATA ELEMENTS--GENERAL INFORMATION
fixed length control field 180718b2011 xxu||||| |||| 00| 0 eng d
100 ## - MAIN ENTRY--PERSONAL NAME
Personal name Sharp, Elaine B.
245 ## - TITLE STATEMENT
Title Understanding local adoption and implementation of climate change mitigation policy
260 ## - PUBLICATION, DISTRIBUTION, ETC.
Date of publication, distribution, etc. 2011
300 ## - PHYSICAL DESCRIPTION
Extent p.433-457.
362 ## - DATES OF PUBLICATION AND/OR SEQUENTIAL DESIGNATION
Dates of publication and/or sequential designation May
650 ## - SUBJECT ADDED ENTRY--TOPICAL TERM
Topical term or geographic name entry element Climatic change
700 ## - ADDED ENTRY--PERSONAL NAME
Personal name Lynch, Michael S.
700 ## - ADDED ENTRY--PERSONAL NAME
Personal name Daley, Dorothy M.
773 ## - HOST ITEM ENTRY
Main entry heading Urban Affairs Review
908 ## - PUT COMMAND PARAMETER (RLIN)
Put command parameter N
909 ## -
-- 92389
Holdings
Withdrawn status Lost status Damaged status Not for loan Permanent Location Current Location Date acquired Serial Enumeration / chronology Barcode Date last seen Price effective from Koha item type
        Indian Institute of Public Administration Indian Institute of Public Administration 2018-07-19 Volume no: 47, Issue no: 3 AR92849 2018-07-19 2018-07-19 Articles

Powered by Koha